[Event "MPJBiS 2020"]
[Site "?"]
[Date "2020.08.30"]
[Round "6.1"]
[White "Raczek, Krzysztof"]
[Black "Warchol, Kamil"]
[Result "1/2-1/2"]
[BlackElo "1690"]
[WhiteElo "1720"]
[LiveChessVersion "1.4.8"]

1. d4 d5 2. Bf4 Nf6 3. e3 e6 4. Bd3 c5 5. c3 Nc6 6. Nf3 Be7 7. Nbd2 b6 8. O-O Bb7
9. Bg3 O-O 10. Ne5 Nd7 11. Nxc6 Bxc6 12. Qe2 f5 13. f4 Nf6 14. Nf3 Bd6 15. Bh4
Qe8 16. Bxf6 Rxf6 17. Ne5 Bxe5 18. fxe5 Rh6 19. Rf4 Qh5 20. Qxh5 Rxh5 21. Raf1
Rg5 22. h4 Rg6 23. Be2 Rg3 24. Kf2 Rg6 25. Kg1 Rg3 26. Bf3 g5 27. hxg5 Rxg5 28.
Kf2 Rf8 29. Rh1 Rf7 30. Rfh4 Rfg7 31. Rh6 R5g6 32. R6h4 Bd7 33. R1h2 c4 34. Bh5
Rg5 35. Bf3 R5g6 36. a3 b5 37. Rh1 a5 38. Rg1 Rg3 39. Bh5 R3g5 40. Bf3 Rg3 41.
Rh5 R3g5 42. Rh6 R5g6 43. Rh2 Rg3 44. Rgh1 R3g6 45. Rh3 Rg5 46. Rh4 R5g6 47. R4h2
Rg5 48. Bh5 Rg3 49. Be2 R3g6 50. Bf1 Rg5 51. Rh4 Rg4 52. Be2 Rxg2+ 53. Kf1 R2g3
54. R4h3 Rxh3 55. Rxh3 Be8 56. Kf2 Rg5 57. Rh6 Bg6 58. Rh1 Kg7 59. Kf3 Bh5+ 60.
Kf4 Kg6 61. Bxh5+ Rxh5 62. Rg1+ Kf7 63. Rg2 h6 64. Kf3 Rh4 65. Rg1 Rh2 66. Rb1
Kg6 67. a4 bxa4 68. Ra1 Rxb2 69. Rxa4 Rb3 70. Rxa5 Rxc3 71. Ra6 1/2-1/2

[Event "MPJBiS 2020"]
[Site "?"]
[Date "2020.08.30"]
[Round "6.2"]
[White "Komendecki, Antoni"]
[Black "Nawalaniec, Adam"]
[Result "0-1"]
[BlackElo "1444"]
[WhiteElo "1366"]
[LiveChessVersion "1.4.8"]

1. e4 {[%clk 0:03:03]} Nc6 {[%clk 0:03:03]} 2. Nf3 {[%clk 0:03:04]} d6
{[%clk 0:03:04]} 3. d4 {[%clk 0:03:04]} Nf6 {[%clk 0:03:05]} 4. Nc3
{[%clk 0:03:05]} Bg4 {[%clk 0:03:06]} 5. Be3 {[%clk 0:03:04]} g6 {[%clk 0:03:07]}
6. Be2 {[%clk 0:03:03]} Bg7 {[%clk 0:03:08]} 7. Qd2 {[%clk 0:02:57]} O-O
{[%clk 0:03:03]} 8. O-O-O {[%clk 0:02:54]} a5 {[%clk 0:02:49]} 9. h3
{[%clk 0:02:26]} Bxf3 {[%clk 0:02:49]} 10. Bxf3 {[%clk 0:02:26]} Qd7
{[%clk 0:02:27]} 11. g4 {[%clk 0:02:03]} e5 {[%clk 0:02:18]} 12. dxe5
{[%clk 0:01:48]} Nxe5 {[%clk 0:02:18]} 13. Be2 {[%clk 0:01:49]} Rfb8
{[%clk 0:01:38]} 14. f4 {[%clk 0:01:45]} Nc6 {[%clk 0:01:38]} 15. e5
{[%clk 0:01:25]} Ne8 {[%clk 0:01:25]} 16. Nb5 {[%clk 0:01:11]} Qe6
{[%clk 0:01:16]} 17. Kb1 {[%clk 0:00:57]} dxe5 {[%clk 0:01:16]} 18. f5
{[%clk 0:00:55]} Qe7 {[%clk 0:00:51]} 19. fxg6 {[%clk 0:00:47]} hxg6
{[%clk 0:00:45]} 20. Rhf1 {[%clk 0:00:37]} Rd8 {[%clk 0:00:38]} 21. Qe1
{[%clk 0:00:24]} Qe6 {[%clk 0:00:31]} 22. Qc3 {[%clk 0:00:11]} e4
{[%clk 0:00:25]} 23. Qc4 {[%clk 0:00:12]} Rxd1+ {[%clk 0:00:20]} 24. Rxd1
{[%clk 0:00:13]} Qxc4 {[%clk 0:00:19]} 25. Bxc4 {[%clk 0:00:14]} Rd8
{[%clk 0:00:14]} 26. Rf1 {[%clk 0:00:05]} Rd7 {[%clk 0:00:15]} 27. Nc3
{[%clk 0:00:03]} Nd6 {[%clk 0:00:13]} 28. Bb3 Bxc3 {[%clk 0:00:11]} 29. bxc3
{[%clk 0:00:06]} Nb5 {[%clk 0:00:12]} 30. c4 {[%clk 0:00:07]} Nc3+
{[%clk 0:00:13]} 31. Kb2 {[%clk 0:00:08]} Ne2 {[%clk 0:00:12]} 32. c5
{[%clk 0:00:05]} Ned4 {[%clk 0:00:07]} 33. Rf6 {[%clk 0:00:04]} Nxb3
{[%clk 0:00:08]} 34. cxb3 Kg7 35. Rf2 {[%clk 0:00:05]} Rd3 {[%clk 0:00:09]} 36.
Bf4 {[%clk 0:00:05]} f6 {[%clk 0:00:08]} 37. Bxc7 {[%clk 0:00:05]} e3
{[%clk 0:00:09]} 38. Re2 {[%clk 0:00:05]} Nd4 {[%clk 0:00:09]} 39. Re1
{[%clk 0:00:05]} Rd2+ {[%clk 0:00:10]} 40. Kc1 {[%clk 0:00:05]} Rc2+
{[%clk 0:01:09]} 41. Kb1 {[%clk 0:00:06]} Re2 {[%clk 0:01:09]} 42. Rd1
{[%clk 0:00:03]} Rd2 {[%clk 0:01:10]} 43. Re1 {[%clk 0:00:05]} e2
{[%clk 0:01:10]} 44. Kc1 {[%clk 0:00:04]} Rxa2 {[%clk 0:01:07]} 45. Bf4
{[%clk 0:00:05]} Nf3 {[%clk 0:01:07]} 46. Bd2 {[%clk 0:00:04]} Rxd2
{[%clk 0:01:06]} 0-1

[Event "MPJBiS 2020"]
[Site "?"]
[Date "2020.08.30"]
[Round "6.3"]
[White "Bartodziej, Bartosz"]
[Black "Seemann, Jakub"]
[Result "0-1"]
[BlackElo "1811"]
[WhiteElo "1465"]
[LiveChessVersion "1.4.8"]

1. e4 {[%clk 0:03:03]} e5 {[%clk 0:03:02]} 2. Nf3 {[%clk 0:03:03]} Nc6
{[%clk 0:03:02]} 3. Bc4 {[%clk 0:03:04]} Nf6 {[%clk 0:03:03]} 4. d3
{[%clk 0:03:05]} Bc5 {[%clk 0:03:04]} 5. c3 {[%clk 0:03:05]} d6 {[%clk 0:03:00]}
6. Nbd2 {[%clk 0:03:06]} O-O {[%clk 0:02:56]} 7. h3 {[%clk 0:03:03]} a6
{[%clk 0:02:51]} 8. Bb3 {[%clk 0:03:03]} h6 {[%clk 0:02:51]} 9. Nf1
{[%clk 0:03:02]} Re8 {[%clk 0:02:51]} 10. Ng3 {[%clk 0:03:02]} Be6
{[%clk 0:02:50]} 11. O-O {[%clk 0:02:57]} d5 {[%clk 0:02:51]} 12. Re1
{[%clk 0:02:43]} dxe4 {[%clk 0:02:35]} 13. dxe4 {[%clk 0:02:37]} Qe7
{[%clk 0:02:27]} 14. Qe2 {[%clk 0:02:34]} Bxb3 {[%clk 0:02:25]} 15. axb3
{[%clk 0:02:34]} Rad8 {[%clk 0:02:19]} 16. Be3 {[%clk 0:02:29]} Bxe3
{[%clk 0:02:14]} 17. Qxe3 {[%clk 0:02:29]} Qd7 {[%clk 0:02:09]} 18. Qe2
{[%clk 0:02:25]} Qd3 {[%clk 0:02:09]} 19. Kf1 {[%clk 0:02:14]} Rd7
{[%clk 0:01:54]} 20. Rad1 {[%clk 0:02:05]} Qxe2+ {[%clk 0:01:55]} 21. Kxe2
{[%clk 0:02:05]} Red8 {[%clk 0:01:56]} 22. Rxd7 {[%clk 0:01:44]} Nxd7
{[%clk 0:01:44]} 23. Rd1 {[%clk 0:01:37]} g6 {[%clk 0:01:43]} 24. b4
{[%clk 0:01:34]} Kf8 {[%clk 0:01:42]} 25. Rd5 {[%clk 0:01:28]} b5
{[%clk 0:01:31]} 26. Kd3 {[%clk 0:01:21]} Ke7 {[%clk 0:01:29]} 27. Nd2
{[%clk 0:01:16]} f5 {[%clk 0:00:49]} 28. exf5 {[%clk 0:01:02]} Nc5+
{[%clk 0:00:50]} 29. bxc5 {[%clk 0:00:49]} Rxd5+ {[%clk 0:00:51]} 30. Ke3
{[%clk 0:00:46]} gxf5 {[%clk 0:00:48]} 31. Nxf5+ {[%clk 0:00:46]} Ke6
{[%clk 0:00:46]} 32. Nxh6 {[%clk 0:00:45]} Rxc5 {[%clk 0:00:46]} 33. g4
{[%clk 0:00:35]} Ne7 {[%clk 0:00:44]} 34. Ke4 {[%clk 0:00:30]} Nc8
{[%clk 0:00:34]} 35. Nf5 {[%clk 0:00:29]} Nd6+ {[%clk 0:00:35]} 36. Nxd6
{[%clk 0:00:29]} cxd6 {[%clk 0:00:36]} 37. f4 {[%clk 0:00:22]} d5+
{[%clk 0:00:36]} 38. Ke3 {[%clk 0:00:22]} exf4+ {[%clk 0:00:33]} 39. Kxf4
{[%clk 0:00:22]} b4 {[%clk 0:00:26]} 40. Nb3 {[%clk 0:00:16]} Rc4+
{[%clk 0:00:26]} 41. Nd4+ {[%clk 0:00:15]} Kf6 {[%clk 0:00:22]} 42. g5+
{[%clk 0:00:08]} Kg6 {[%clk 0:00:24]} 43. Ke5 {[%clk 0:00:07]} bxc3
{[%clk 0:00:25]} 44. bxc3 {[%clk 0:00:08]} Rxc3 {[%clk 0:00:25]} 45. Ne6
{[%clk 0:00:06]} a5 {[%clk 0:00:10]} 46. Kxd5 {[%clk 0:00:06]} a4
{[%clk 0:00:11]} 47. Nf4+ {[%clk 0:00:05]} Kxg5 {[%clk 0:00:11]} 48. Ne2
{[%clk 0:00:05]} Rxh3 {[%clk 0:00:10]} 49. Kc4 {[%clk 0:00:04]} a3
{[%clk 0:00:07]} 50. Nc3 {[%clk 0:00:05]} Kf4 {[%clk 0:00:06]} 51. Kb3
{[%clk 0:00:03]} Ke5 {[%clk 0:00:07]} 52. Kc2 {[%clk 0:00:03]} Kd4
{[%clk 0:00:07]} 53. Na2 {[%clk 0:00:04]} Rh2+ {[%clk 0:00:07]} 54. Kb3
{[%clk 0:00:05]} Rh3+ {[%clk 0:00:09]} 55. Kc2 {[%clk 0:00:06]} Kc4
{[%clk 0:00:10]} 56. Kb1 {[%clk 0:00:07]} Rh1+ {[%clk 0:00:11]} 57. Kc2
{[%clk 0:00:08]} Rh2+ {[%clk 0:00:12]} 58. Kb1 {[%clk 0:00:09]} Kd3
{[%clk 0:00:07]} 59. Nc1+ {[%clk 0:00:09]} Kc3 {[%clk 0:00:06]} 60. Na2+
{[%clk 0:00:10]} Kc4 {[%clk 0:00:06]} 61. Nc1 {[%clk 0:00:10]} Rb2+
{[%clk 0:00:05]} 62. Ka1 {[%clk 0:00:11]} Rb8 {[%clk 0:00:06]} 63. Na2
{[%clk 0:00:10]} Kd3 {[%clk 0:00:08]} 64. Nc1+ {[%clk 0:00:09]} Kc2
{[%clk 0:00:09]} 65. Na2 {[%clk 0:00:09]} Rb1# {[%clk 0:00:10]} 0-1

[Event "MPJBiS 2020"]
[Site "?"]
[Date "2020.08.30"]
[Round "6.4"]
[White "Dobosiewicz, Dawid"]
[Black "Krawczyk, Flawian"]
[Result "1/2-1/2"]
[BlackElo "1639"]
[WhiteElo "1469"]
[LiveChessVersion "1.4.8"]

1. e4 {[%clk 0:03:02]} c5 {[%clk 0:03:03]} 2. Nc3 {[%clk 0:03:03]} Nc6
{[%clk 0:03:02]} 3. f4 g6 4. Nf3 {[%clk 0:03:05]} Bg7 5. Bb5 Nd4 {[%clk 0:03:03]}
6. O-O {[%clk 0:03:06]} e6 {[%clk 0:03:03]} 7. e5 {[%clk 0:03:07]} Ne7
{[%clk 0:02:53]} 8. Nxd4 {[%clk 0:03:05]} cxd4 {[%clk 0:02:53]} 9. Ne2
{[%clk 0:03:04]} O-O {[%clk 0:02:45]} 10. d3 {[%clk 0:03:01]} d6 {[%clk 0:02:46]}
11. exd6 {[%clk 0:02:58]} Qxd6 {[%clk 0:02:46]} 12. Ng3 {[%clk 0:02:56]} f5
{[%clk 0:02:34]} 13. Bc4 {[%clk 0:02:51]} Kh8 {[%clk 0:02:34]} 14. Qe2
{[%clk 0:02:49]} Nd5 {[%clk 0:02:35]} 15. Bxd5 {[%clk 0:02:39]} Qxd5
{[%clk 0:02:36]} 16. b3 {[%clk 0:02:37]} b6 {[%clk 0:02:33]} 17. Qf3
{[%clk 0:02:34]} Bb7 {[%clk 0:02:31]} 18. Qxd5 {[%clk 0:02:31]} Bxd5
{[%clk 0:02:33]} 19. Bb2 {[%clk 0:02:27]} Rfc8 {[%clk 0:02:31]} 20. Rac1
{[%clk 0:02:27]} Rc7 {[%clk 0:02:31]} 21. Ne2 {[%clk 0:02:26]} Rac8
{[%clk 0:02:27]} 22. Nxd4 {[%clk 0:02:26]} Kg8 {[%clk 0:02:11]} 23. c4
{[%clk 0:02:25]} Bxd4+ 24. Bxd4 {[%clk 0:02:23]} b5 {[%clk 0:01:50]} 25. Rce1
{[%clk 0:02:23]} bxc4 {[%clk 0:01:49]} 26. bxc4 {[%clk 0:02:22]} Ba8
{[%clk 0:01:46]} 27. Rxe6 {[%clk 0:02:21]} Rd7 {[%clk 0:01:46]} 28. Bf2
{[%clk 0:02:05]} Rxd3 {[%clk 0:01:48]} 29. c5 {[%clk 0:02:06]} Be4
{[%clk 0:01:45]} 30. Rc1 {[%clk 0:02:01]} Rc6 {[%clk 0:01:29]} 31. Re7
{[%clk 0:01:41]} a6 {[%clk 0:01:20]} 32. h3 {[%clk 0:01:41]} Rd2 {[%clk 0:01:16]}
33. Re1 {[%clk 0:01:32]} h5 {[%clk 0:01:00]} 34. Rc1 {[%clk 0:01:08]} Kf8
{[%clk 0:00:55]} 35. Ra7 {[%clk 0:01:07]} Kg8 36. Rb7 {[%clk 0:00:56]} Re6
{[%clk 0:00:36]} 37. Rb6 {[%clk 0:00:40]} Rc6 {[%clk 0:00:32]} 38. Rxc6
{[%clk 0:00:30]} Bxc6 {[%clk 0:00:33]} 39. Rb1 {[%clk 0:00:28]} Rxa2
{[%clk 0:00:29]} 40. Rb6 {[%clk 0:00:28]} Be4 {[%clk 0:00:30]} 41. Rb8+
{[%clk 0:00:24]} Kf7 {[%clk 0:00:29]} 42. Rc8 {[%clk 0:00:19]} Ra1+
{[%clk 0:00:30]} 43. Kh2 {[%clk 0:00:20]} Ra2 {[%clk 0:00:31]} 44. Kg1
{[%clk 0:00:21]} a5 {[%clk 0:00:24]} 45. c6 {[%clk 0:00:22]} Rc2 {[%clk 0:00:24]}
46. c7 {[%clk 0:00:23]} Rc1+ {[%clk 0:00:14]} 47. Kh2 {[%clk 0:00:18]} Bb7
{[%clk 0:00:09]} 48. Rh8 {[%clk 0:00:12]} a4 49. Bb6 1/2-1/2

[Event "MPJBiS 2020"]
[Site "?"]
[Date "2020.08.30"]
[Round "6.5"]
[White "Rosa, Antoni"]
[Black "Grot, Blazej"]
[Result "1-0"]
[BlackElo "1557"]
[WhiteElo "1445"]
[LiveChessVersion "1.4.8"]

1. c4 e6 2. Nc3 Nf6 3. g3 d5 4. cxd5 exd5 5. e3 c6 6. Bg2 Bd6 7. Nge2 Nbd7 8. O-O
O-O 9. b3 b6 10. Bb2 Bb7 11. d3 Rc8 12. Rc1 c5 13. Nf4 Bxf4 14. exf4 Re8 15. Qd2
Qc7 16. Rfe1 d4 17. Nb5 Qb8 18. Bxb7 Qxb7 19. Nd6 Qd5 20. Nxe8 Nxe8 21. Re2 Ndf6
22. Rce1 Nd6 23. Ba3 h5 24. b4 c4 25. dxc4 Nxc4 26. Qd3 b5 27. Bb2 Nxb2 28. Rxb2
Rc3 29. Qd2 Rc4 30. Re5 Qc6 31. Rb1 Ng4 32. Rxh5 Rc2 33. Qd3 Rxf2 34. Qh7+ Kf8
35. Qh8+ Ke7 36. Re1+ Kf6 37. Qd8+ Kg6 38. Qg5# 1-0

[Event "MPJBiS 2020"]
[Site "?"]
[Date "2020.08.30"]
[Round "6.6"]
[White "Bochniak, Franciszek"]
[Black "Zielonka, Adam"]
[Result "1-0"]
[BlackElo "1438"]
[WhiteElo "1485"]
[LiveChessVersion "1.4.8"]

1. e4 {[%clk 0:03:03]} c5 {[%clk 0:03:04]} 2. d4 {[%clk 0:03:05]} cxd4 3. c3 d5
{[%clk 0:03:00]} 4. exd5 {[%clk 0:03:04]} Qxd5 {[%clk 0:03:01]} 5. cxd4
{[%clk 0:03:06]} Nc6 {[%clk 0:02:56]} 6. Nf3 {[%clk 0:03:04]} Bg4
{[%clk 0:02:57]} 7. Nc3 {[%clk 0:02:54]} Qd8 {[%clk 0:02:52]} 8. Be3
{[%clk 0:02:52]} e6 {[%clk 0:02:51]} 9. Be2 {[%clk 0:02:53]} Nf6 {[%clk 0:02:50]}
10. h3 {[%clk 0:02:54]} Bh5 {[%clk 0:02:49]} 11. O-O {[%clk 0:02:48]} Be7
{[%clk 0:02:50]} 12. Rc1 {[%clk 0:02:43]} O-O {[%clk 0:02:49]} 13. Qb3
{[%clk 0:02:04]} Na5 {[%clk 0:02:21]} 14. Qa4 {[%clk 0:01:52]} b6
{[%clk 0:02:20]} 15. Rfd1 {[%clk 0:01:48]} Nd5 {[%clk 0:02:02]} 16. Nxd5
{[%clk 0:01:45]} Qxd5 {[%clk 0:02:03]} 17. Bc4 {[%clk 0:01:00]} Nxc4
{[%clk 0:02:02]} 18. Qxc4 {[%clk 0:01:00]} Bxf3 {[%clk 0:01:55]} 19. gxf3
{[%clk 0:00:54]} Qxf3 {[%clk 0:01:56]} 20. Qc7 {[%clk 0:00:52]} Bf6
{[%clk 0:01:48]} 21. Kh2 {[%clk 0:00:51]} Qd5 {[%clk 0:01:33]} 22. Rg1
{[%clk 0:00:45]} Bxd4 {[%clk 0:01:25]} 23. Bxd4 {[%clk 0:00:19]} Qxd4
{[%clk 0:01:24]} 24. Rg2 {[%clk 0:00:18]} Qd8 {[%clk 0:01:12]} 25. Qe5
{[%clk 0:00:07]} g6 {[%clk 0:01:06]} 26. Qg3 {[%clk 0:00:07]} Qb8
{[%clk 0:01:07]} 27. f4 {[%clk 0:00:06]} Qd6 {[%clk 0:01:01]} 28. h4
{[%clk 0:00:08]} h5 {[%clk 0:00:56]} 29. Rf1 {[%clk 0:00:05]} Rfd8
{[%clk 0:00:47]} 30. Qg5 {[%clk 0:00:06]} Kh7 {[%clk 0:00:30]} 31. Qf6
{[%clk 0:00:03]} Rd7 {[%clk 0:00:26]} 32. Kh1 {[%clk 0:00:05]} Qe7
{[%clk 0:00:25]} 33. Qe5 {[%clk 0:00:06]} Qxh4+ 34. Rh2 Qe7 {[%clk 0:00:21]} 35.
Rxh5+ {[%clk 0:00:09]} gxh5 {[%clk 0:00:20]} 36. Qxh5+ {[%clk 0:00:10]} Kg7 37.
Rg1+ Qg5 {[%clk 0:00:14]} 38. Qxg5+ {[%clk 0:00:13]} Kf8 {[%clk 0:00:16]} 39.
Qg8+ {[%clk 0:00:14]} Ke7 {[%clk 0:00:17]} 40. Qxa8 {[%clk 0:00:15]} 1-0

[Event "MPJBiS 2020"]
[Site "?"]
[Date "2020.08.30"]
[Round "6.7"]
[White "Jasiulewicz, Dawid"]
[Black "Musial, Igor"]
[Result "0-1"]
[BlackElo "1758"]
[WhiteElo "1421"]
[LiveChessVersion "1.4.8"]

1. d4 d5 2. Nf3 Nf6 3. c4 e6 4. Nc3 Be7 5. Bf4 a6 6. e3 Nbd7 7. cxd5 exd5 8. Be2
b6 9. O-O O-O 10. a3 Bb7 11. b4 c5 12. bxc5 bxc5 13. Qb3 Bc6 14. Rac1 c4 15. Qb2
Qa5 16. Ra1 Nh5 17. Ne5 Nxe5 18. Bxe5 f6 19. Bxh5 fxe5 20. dxe5 Rab8 21. Qc2 Rb3
22. Ne2 Rxa3 23. Rxa3 Qxa3 24. Nd4 Bd7 25. Bf3 Qc5 26. Rd1 Rd8 27. Ne2 Bc6 28.
Nc3 a5 29. Qd2 Qb4 30. Nxd5 Bxd5 31. Bxd5+ Kh8 32. e4 c3 33. Qc2 a4 34. Ra1 Rb8
35. h3 a3 36. Kh2 Qb2 37. Rc1 a2 38. Bxa2 h6 39. Bd5 Bb4 0-1

[Event "MPJBiS 2020"]
[Site "?"]
[Date "2020.08.30"]
[Round "6.8"]
[White "Micula, Jakub"]
[Black "Wierzbicki, Dawid"]
[Result "0-1"]
[BlackElo "1550"]
[WhiteElo "1268"]
[LiveChessVersion "1.4.8"]

1. b4 {[%clk 0:03:02]} e5 {[%clk 0:03:02]} 2. Bb2 {[%clk 0:03:02]} d6
{[%clk 0:03:00]} 3. e3 {[%clk 0:03:03]} Nf6 {[%clk 0:03:01]} 4. d4
{[%clk 0:03:03]} exd4 {[%clk 0:03:02]} 5. exd4 {[%clk 0:03:04]} Be7
{[%clk 0:03:03]} 6. Nf3 {[%clk 0:03:05]} O-O {[%clk 0:03:03]} 7. Bd3
{[%clk 0:03:05]} Be6 {[%clk 0:02:58]} 8. c4 {[%clk 0:03:00]} c5 {[%clk 0:02:49]}
9. d5 {[%clk 0:02:57]} Bg4 {[%clk 0:02:50]} 10. a3 {[%clk 0:02:52]} a5
{[%clk 0:02:48]} 11. b5 {[%clk 0:02:50]} Nbd7 {[%clk 0:02:47]} 12. O-O
{[%clk 0:02:45]} b6 {[%clk 0:02:42]} 13. h3 {[%clk 0:02:43]} Bh5 {[%clk 0:02:41]}
14. Nbd2 {[%clk 0:02:42]} Re8 {[%clk 0:02:41]} 15. Qc2 {[%clk 0:02:41]} Bf8
{[%clk 0:02:38]} 16. Rfe1 {[%clk 0:02:40]} Qc7 {[%clk 0:02:38]} 17. a4
{[%clk 0:02:22]} Rxe1+ {[%clk 0:02:19]} 18. Rxe1 {[%clk 0:02:22]} Re8
{[%clk 0:02:17]} 19. Rxe8 {[%clk 0:02:18]} Nxe8 {[%clk 0:02:17]} 20. Bxh7+
{[%clk 0:02:16]} Kh8 {[%clk 0:02:18]} 21. Bd3 {[%clk 0:02:03]} Be7
{[%clk 0:02:11]} 22. Kf1 {[%clk 0:01:45]} Bf6 {[%clk 0:02:11]} 23. Bxf6
{[%clk 0:01:39]} Nexf6 {[%clk 0:02:09]} 24. Qd1 {[%clk 0:01:39]} Ne5
{[%clk 0:02:08]} 25. Be2 {[%clk 0:01:29]} Nxf3 {[%clk 0:01:59]} 26. Bxf3
{[%clk 0:01:22]} Bxf3 {[%clk 0:02:00]} 27. Nxf3 {[%clk 0:01:23]} Qe7
{[%clk 0:01:58]} 28. Qe2 {[%clk 0:01:21]} Qe4 {[%clk 0:01:46]} 29. Nd2
{[%clk 0:01:07]} Qc2 {[%clk 0:01:40]} 30. Ke1 {[%clk 0:00:37]} Qxa4
{[%clk 0:01:33]} 31. Ne4 {[%clk 0:00:34]} Qa1+ {[%clk 0:01:34]} 32. Kd2
{[%clk 0:00:26]} Qd4+ {[%clk 0:01:35]} 33. Kc2 {[%clk 0:00:18]} Qxe4+
{[%clk 0:01:34]} 34. Qxe4 {[%clk 0:00:19]} Nxe4 {[%clk 0:01:34]} 35. f3
{[%clk 0:00:21]} Ng3 {[%clk 0:01:34]} 36. f4 {[%clk 0:00:21]} Nf5
{[%clk 0:01:33]} 37. g4 {[%clk 0:00:21]} Ne3+ {[%clk 0:01:32]} 38. Kd3
{[%clk 0:00:22]} a4 {[%clk 0:01:31]} 39. Kxe3 {[%clk 0:00:22]} a3
{[%clk 0:01:31]} 40. Kd3 {[%clk 0:00:21]} a2 {[%clk 0:01:32]} 41. Kc2
{[%clk 0:00:22]} a1=Q {[%clk 0:01:32]} 42. Kb3 {[%clk 0:00:23]} Qd4
{[%clk 0:01:30]} 43. f5 {[%clk 0:00:23]} Qd3+ {[%clk 0:01:30]} 44. Ka4
{[%clk 0:00:24]} Qxc4+ {[%clk 0:01:31]} 45. Ka3 {[%clk 0:00:24]} Qb4+
{[%clk 0:01:31]} 46. Ka2 {[%clk 0:00:25]} c4 {[%clk 0:01:29]} 47. Ka1
{[%clk 0:00:26]} c3 {[%clk 0:01:30]} 48. g5 {[%clk 0:00:26]} Qb2#
{[%clk 0:01:32]} 0-1

[Event "MPJBiS 2020"]
[Site "?"]
[Date "2020.08.30"]
[Round "6.9"]
[White "Skrzypinski, Jan"]
[Black "Borowik, Wojciech"]
[Result "1-0"]
[BlackElo "1436"]
[WhiteElo "1540"]
[LiveChessVersion "1.4.8"]

1. e4 {[%clk 0:03:02]} c5 {[%clk 0:03:02]} 2. Nf3 {[%clk 0:03:03]} d6
{[%clk 0:03:02]} 3. d4 {[%clk 0:03:05]} cxd4 {[%clk 0:03:03]} 4. Nxd4
{[%clk 0:03:06]} Nf6 {[%clk 0:03:03]} 5. Nc3 {[%clk 0:03:07]} a6 {[%clk 0:03:04]}
6. Bc4 {[%clk 0:03:08]} e6 {[%clk 0:03:04]} 7. Bb3 {[%clk 0:03:10]} Be7
{[%clk 0:03:03]} 8. Be3 {[%clk 0:03:10]} O-O {[%clk 0:03:01]} 9. f3
{[%clk 0:03:11]} b5 {[%clk 0:02:52]} 10. Qd2 {[%clk 0:03:12]} e5 {[%clk 0:02:44]}
11. Nf5 {[%clk 0:03:07]} Bxf5 {[%clk 0:02:34]} 12. exf5 {[%clk 0:03:08]} Nbd7
{[%clk 0:01:58]} 13. O-O-O {[%clk 0:02:58]} Nc5 {[%clk 0:01:57]} 14. Bxc5
{[%clk 0:03:00]} dxc5 {[%clk 0:01:58]} 15. Qxd8 {[%clk 0:02:59]} Raxd8
{[%clk 0:01:58]} 16. Rxd8 {[%clk 0:03:00]} Rxd8 {[%clk 0:01:58]} 17. a3
{[%clk 0:03:00]} c4 {[%clk 0:01:23]} 18. Ba2 {[%clk 0:03:01]} Bc5
{[%clk 0:01:24]} 19. Rd1 {[%clk 0:02:51]} Bd4 {[%clk 0:01:20]} 20. g4
{[%clk 0:02:37]} Nd5 {[%clk 0:01:01]} 21. Nxd5 {[%clk 0:02:38]} Rxd5
{[%clk 0:01:02]} 22. c3 {[%clk 0:02:40]} Be3+ {[%clk 0:00:51]} 23. Kc2
{[%clk 0:02:40]} Rxd1 {[%clk 0:00:48]} 24. Kxd1 {[%clk 0:02:41]} Kf8
{[%clk 0:00:41]} 25. Kc2 {[%clk 0:02:35]} Bc5 {[%clk 0:00:30]} 26. h3
{[%clk 0:02:35]} h5 {[%clk 0:00:29]} 27. Kd2 {[%clk 0:02:35]} Ke7
{[%clk 0:00:28]} 28. a4 {[%clk 0:02:32]} Kf6 {[%clk 0:00:23]} 29. axb5
{[%clk 0:02:23]} axb5 {[%clk 0:00:23]} 30. Bb1 {[%clk 0:02:24]} Kg5
{[%clk 0:00:19]} 31. Be4 {[%clk 0:02:12]} Kh4 {[%clk 0:00:16]} 32. Ke2
{[%clk 0:02:08]} Kxh3 33. gxh5 {[%clk 0:02:08]} Kh4 {[%clk 0:00:17]} 34. f6
{[%clk 0:02:05]} gxf6 {[%clk 0:00:12]} 35. h6 {[%clk 0:02:06]} Bf8
{[%clk 0:00:12]} 36. h7 {[%clk 0:02:07]} Bg7 {[%clk 0:00:14]} 37. Bc6
{[%clk 0:02:08]} Kg5 {[%clk 0:00:11]} 38. Bxb5 {[%clk 0:02:07]} Kh6
{[%clk 0:00:12]} 39. Bxc4 {[%clk 0:02:10]} Kxh7 {[%clk 0:00:12]} 40. Bxf7
{[%clk 0:02:11]} Kh6 {[%clk 0:00:09]} 41. b4 {[%clk 0:02:09]} Bf8
{[%clk 0:00:10]} 42. Ke3 {[%clk 0:02:07]} Kg5 {[%clk 0:00:11]} 43. Ke4
{[%clk 0:02:06]} f5+ {[%clk 0:00:09]} 44. Kxe5 {[%clk 0:02:07]} Bg7+
{[%clk 0:00:11]} 45. Kd6 {[%clk 0:01:55]} Bxc3 {[%clk 0:00:11]} 46. b5
{[%clk 0:01:57]} Ba5 {[%clk 0:00:09]} 47. Kc6 {[%clk 0:01:55]} Kf6
{[%clk 0:00:08]} 48. Bd5 {[%clk 0:01:50]} Ke7 {[%clk 0:00:09]} 49. b6
{[%clk 0:01:45]} Kd8 {[%clk 0:00:09]} 50. Kb7 {[%clk 0:01:40]} Be1
{[%clk 0:00:05]} 51. Ka8 {[%clk 0:01:36]} Bg3 {[%clk 0:00:03]} 52. b7
{[%clk 0:01:36]} Bc7 {[%clk 0:00:03]} 53. b8=Q+ {[%clk 0:01:36]} Bxb8
{[%clk 0:00:04]} 54. Kxb8 {[%clk 0:01:36]} Ke7 {[%clk 0:00:05]} 55. Kc7
{[%clk 0:01:36]} Kf6 {[%clk 0:00:07]} 56. Kd6 {[%clk 0:01:38]} Kg5
{[%clk 0:00:08]} 57. Ke5 {[%clk 0:01:39]} Kg6 {[%clk 0:00:09]} 58. Be6
{[%clk 0:01:40]} f4 {[%clk 0:00:10]} 59. Kxf4 {[%clk 0:01:41]} 1-0

[Event "MPJBiS 2020"]
[Site "?"]
[Date "2020.08.30"]
[Round "6.10"]
[White "Derejczyk, Mateusz"]
[Black "Sniadecki, Oskar"]
[Result "0-1"]
[BlackElo "1423"]
[WhiteElo "1479"]
[LiveChessVersion "1.4.8"]

1. e4 {[%clk 0:03:03]} e6 {[%clk 0:03:03]} 2. d4 {[%clk 0:03:03]} b6
{[%clk 0:03:04]} 3. Nc3 {[%clk 0:03:03]} Bb7 {[%clk 0:03:05]} 4. f4
{[%clk 0:03:00]} Bb4 {[%clk 0:03:06]} 5. Bd3 {[%clk 0:02:59]} Nf6
{[%clk 0:03:07]} 6. Qe2 {[%clk 0:02:53]} d6 {[%clk 0:03:08]} 7. Nf3
{[%clk 0:02:50]} Nbd7 {[%clk 0:03:09]} 8. O-O {[%clk 0:02:49]} O-O
{[%clk 0:03:09]} 9. a3 {[%clk 0:02:40]} Bxc3 {[%clk 0:03:08]} 10. bxc3
{[%clk 0:02:41]} c5 {[%clk 0:03:06]} 11. Bb2 {[%clk 0:02:21]} Qc7
{[%clk 0:03:01]} 12. e5 {[%clk 0:02:08]} dxe5 {[%clk 0:02:53]} 13. fxe5
{[%clk 0:02:08]} Nd5 {[%clk 0:02:54]} 14. Bxh7+ {[%clk 0:01:55]} Kh8
{[%clk 0:02:41]} 15. Be4 {[%clk 0:01:48]} Nf4 {[%clk 0:02:41]} 16. Qe1
{[%clk 0:01:31]} Bxe4 {[%clk 0:02:27]} 17. Qh4+ {[%clk 0:01:26]} Kg8
{[%clk 0:02:28]} 18. Qxf4 {[%clk 0:01:26]} Bxf3 {[%clk 0:02:24]} 19. Rxf3
{[%clk 0:01:26]} cxd4 {[%clk 0:02:19]} 20. cxd4 {[%clk 0:01:02]} Qxc2
{[%clk 0:02:17]} 21. Bc3 {[%clk 0:00:50]} Rac8 {[%clk 0:01:45]} 22. Rc1
{[%clk 0:00:48]} Qg6 {[%clk 0:01:45]} 23. Rg3 {[%clk 0:00:46]} Qh7
{[%clk 0:01:46]} 24. Bb4 {[%clk 0:00:40]} Rxc1+ {[%clk 0:01:45]} 25. Qxc1
{[%clk 0:00:41]} Re8 {[%clk 0:01:42]} 26. Rc3 {[%clk 0:00:34]} Qe4
{[%clk 0:01:35]} 27. Qd2 {[%clk 0:00:14]} Nf8 {[%clk 0:01:24]} 28. Bxf8
{[%clk 0:00:09]} Rxf8 {[%clk 0:01:24]} 29. Rc7 {[%clk 0:00:10]} Rd8
{[%clk 0:01:21]} 30. Rxa7 {[%clk 0:00:03]} Rxd4 {[%clk 0:01:06]} 31. Qc3
{[%clk 0:00:00]} 0-1